| 000 | 01058cam a22003015a 4500 | ||
|---|---|---|---|
| 001 | 017185142 | ||
| 003 | OSt | ||
| 005 | 20161012131602.0 | ||
| 008 | 150427s2015 ua a frb f100 0 eng d | ||
| 020 | _a9789774167010 | ||
| 040 |
_aStDuBDS _beng _cStDuBDS _dEG-ScBUE |
||
| 043 | _af-ua--- | ||
| 082 | 0 | 4 |
_a345.6205 _222 _bJUD |
| 245 | 0 | 0 |
_aJudges and political reform in Egypt / _cedited by Nathalie Bernard-Maugiron. |
| 250 | _a1st paperback ed. | ||
| 260 |
_aCairo ; _aNew York : _bAmerican University in Cairo Press, _c2015. |
||
| 300 |
_axiii, 312 p. : _bill. ; _c23 cm. |
||
| 500 | _aConference proceedings. | ||
| 500 | _aOriginally published: in ebook format. 2008. | ||
| 504 | _aIncludes bibliographical references. | ||
| 650 | 7 |
_aJudicial independence _zEgypt _vCongresses. _2BUEsh _941497 |
|
| 650 | 7 |
_aJudicial power _zEgypt _vCongresses. _2BUEsh _941498 |
|
| 650 | 7 |
_aSeparation of powers _zEgypt _vCongresses. _2BUEsh _941499 |
|
| 651 | _2BUEsh | ||
| 653 |
_bBUSBOL _cOctober2016 |
||
| 700 | 1 |
_aBernard-Maugiron, Nathalie, _eeditor. |
|
| 942 | _2ddc | ||
| 999 |
_c22532 _d22504 |
||